Bluewater cruisers : (Record no. 600906)

000 -LEADER
fixed length control field 00306nam a2200121Ia 4500
008 - FIXED-LENGTH DATA ELEMENTS--GENERAL INFORMATION
fixed length control field 230907s9999||||xx |||||||||||||| ||und||
082 ## - DEWEY DECIMAL CLASSIFICATION NUMBER
Classification number 623.8223
Author Mark LAI
100 ## - MAIN ENTRY--PERSONAL NAME
Personal name Laing, David,
9 (RLIN) 116054
245 #0 - TITLE STATEMENT
Title Bluewater cruisers :
300 ## - PHYSICAL DESCRIPTION
Extent 441 pages :
650 ## - SUBJECT ADDED ENTRY--TOPICAL TERM
Topical term or geographic name entry element Catalogs. Catalogs.
9 (RLIN) 115850
942 ## - ADDED ENTRY ELEMENTS (KOHA)
Koha item type Book
Holdings
Withdrawn status Lost status Damaged status Not for loan Permanent Location Current Location Date acquired Total Checkouts Full call number Barcode Date last seen Price effective from Koha item type
        US-Pakistan Center for Advanced Studies in Energy (USPCAS-E) US-Pakistan Center for Advanced Studies in Energy (USPCAS-E) 11/14/2019   623.8223 LAI CAS-E0005005 09/12/2023 09/12/2023 Book
© 2023 Central Library, National University of Sciences and Technology. All Rights Reserved.